International organizatons: Structures and processes (Record no. 24677)

MARC details
000 -LEADER
fixed length control field 00340nam a2200121Ia 4500
082 ## - DEWEY DECIMAL CLASSIFICATION NUMBER
Classification number 339.726.7
Item number MEH
100 ## - MAIN ENTRY--AUTHOR NAME
Personal name MEHRISH, B N
245 #0 - TITLE STATEMENT
Title International organizatons: Structures and processes
260 ## - PUBLICATION, DISTRIBUTION, ETC. (IMPRINT)
Place of publication Delhi
Name of publisher Vishal
Year of publication 1976
490 ## - SERIES STATEMENT
Series statement Vishal political science series
942 ## - ADDED ENTRY ELEMENTS (KOHA)
Koha item type Books
Holdings
Withdrawn status Lost status Damaged status Not for loan Home library Current library Date acquired Full call number Accession Number Koha item type
        RRII Library RRII Library 16/12/2021 339.726.7 MEH 05351 Books